[Event "Joao Pessoa Fischer Memorial 7th"]
[Site "Joao Pessoa"]
[Date "2016.03.12"]
[Round "4"]
[White "Araujo, Jose Roberto"]
[Black "Vasconcelos, Jose Armando Sales"]
[Result "1/2-1/2"]
[WhiteElo "2163"]
[BlackElo "2116"]
[PlyCount "61"]
[EventDate "2016.03.11"]
[EventType "swiss"]
[EventRounds "6"]
[EventCountry "BRA"]
[SourceTitle "CBM 171 Extra"]
[Source "ChessBase"]
[SourceDate "2016.04.26"]
[SourceVersion "1"]
[SourceVersionDate "2016.04.26"]
[SourceQuality "1"]

1. e4 e6 2. Qe2 Be7 3. Nf3 d5 4. d3 Nf6 5. g3 c5 6. Bg2 Nc6 7. 0-0 0-0 8. e5 Nd7 9. Nbd2 b5 10. Re1 a5 11. h4 Ba6 12. Nf1 b4 13. c3 Rc8 14. Bf4 a4 15. a3 bxc3 16. bxc3 Na5 17. Qc2 Nb3 18. Ra2 Re8 19. c4 d4 20. N1d2 Rb8 21. Ne4 Rb6 22. Bg5 f6 23. Bf4 Bb7 24. h5 f5 25. Ned2 h6 26. Rb2 Qa8 27. Nxb3 axb3 28. Qe2 Qxa3 29. Reb1 Rb8 30. Nd2 Bxg2 31. Kxg2 1/2-1/2

[Event "Recife Pernambuco-ch"]
[Site "Recife"]
[Date "2014.12.12"]
[Round "7"]
[White "Alves Campelo, Danilo Cesar De"]
[Black "Vasconcelos, Jose Armando Sales"]
[Result "0-1"]
[WhiteElo "2017"]
[BlackElo "2122"]
[PlyCount "66"]
[EventDate "2014.12.05"]
[EventType "tourn"]
[EventRounds "9"]
[EventCountry "BRA"]
[SourceTitle "EXT 2016"]
[Source "ChessBase"]
[SourceDate "2015.10.08"]
[SourceVersion "1"]
[SourceVersionDate "2015.10.08"]
[SourceQuality "1"]

1. e4 e6 2. d4 d5 3. Nd2 Nf6 4. e5 Nfd7 5. f4 c5 6. c3 Nc6 7. Ndf3 Qb6 8. a3 cxd4 9. cxd4 a5 10. Ne2 Be7 11. g3 Qd8 12. Nc3 Nb6 13. Bh3 a4 14. 0-0 Bd7 15. Qc2 g6 16. g4 Na5 17. f5 Nb3 18. Rb1 Qc7 19. Be3 Nc4 20. Bf2 Rc8 21. Kh1 Nxa3 22. bxa3 Qxc3 23. Qe2 Qc2 24. Qe3 Qe4 25. Qh6 Qxf3+ 26. Bg2 Qxg4 27. Qg7 Rf8 28. fxe6 fxe6 29. h3 Qh5 30. Be3 Rf5 31. Bh6 Bb5 32. Rxf5 Qxf5 33. Rf1 Bxf1 0-1

[Event "Recife Pernambuco-ch"]
[Site "Recife"]
[Date "2014.12.06"]
[Round "2"]
[White "Galindo, Tome H Brasil"]
[Black "Vasconcelos, Jose Armando Sales"]
[Result "0-1"]
[WhiteElo "2059"]
[BlackElo "2122"]
[PlyCount "82"]
[EventDate "2014.12.05"]
[EventType "tourn"]
[EventRounds "9"]
[EventCountry "BRA"]
[SourceTitle "EXT 2016"]
[Source "ChessBase"]
[SourceDate "2015.10.08"]
[SourceVersion "1"]
[SourceVersionDate "2015.10.08"]
[SourceQuality "1"]

1. d4 e6 2. c4 f5 3. Nc3 Nf6 4. Bg5 Be7 5. Qc2 0-0 6. Nf3 d5 7. Bxf6 Bxf6 8. cxd5 exd5 9. e3 c6 10. Bd3 g6 11. 0-0-0 Bg7 12. h4 b6 13. Ne2 Ba6 14. Nf4 Bxd3 15. Rxd3 Qe7 16. Kb1 Bf6 17. Rc3 Qd6 18. Rc1 Rf7 19. Nd3 Rc7 20. b4 b5 21. a4 a5 22. Qb3 bxa4 23. Qxa4 Rb7 24. Rb3 Rb6 25. Rc5 Nd7 26. Rxa5 Rxa5 27. Qxa5 Qb8 28. g3 Rb5 29. Qa6 Rb6 30. Qa2 Kg7 31. Kc1 Be7 32. Qb2 Bf6 33. Nfe5 Nxe5 34. dxe5 Be7 35. Qd4 Ra6 36. g4 fxg4 37. Qxg4 h5 38. Qd7 Ra7 39. Qe6 Qb5 40. Rc3 Bxb4 41. Rxc6 Qxd3 0-1

[Event "Pernambuco-ch 2013"]
[Site "Garanhuns"]
[Date "2014.02.02"]
[Round "6"]
[White "Vasconcelos, Jose Armando Sales"]
[Black "De Moura, Sergio Jovelino"]
[Result "1-0"]
[WhiteElo "2094"]
[BlackElo "2116"]
[PlyCount "79"]
[EventDate "2014.01.31"]
[EventType "swiss"]
[EventRounds "6"]
[EventCountry "BRA"]
[SourceTitle "EXT 2018"]
[Source "ChessBase"]
[SourceDate "2017.10.13"]
[SourceVersion "1"]
[SourceVersionDate "2017.10.13"]
[SourceQuality "1"]

1. d4 Nf6 2. c4 g6 3. Nc3 Bg7 4. e4 d6 5. f3 Nbd7 6. Be3 0-0 7. Qd2 c5 8. d5 a6 9. Nge2 Rb8 10. a4 Nb6 11. Ng3 Re8 12. Bd3 Na8 13. 0-0 Nc7 14. h3 Bd7 15. f4 b5 16. axb5 axb5 17. e5 b4 18. Nce2 Nfxd5 19. cxd5 Nxd5 20. Bc4 Nxe3 21. Qxe3 Qb6 22. Kh1 Bc6 23. Qb3 Rf8 24. exd6 exd6 25. f5 Qb7 26. Rf2 d5 27. Ba6 Qb6 28. Rff1 c4 29. Bxc4 dxc4 30. Qxc4 Bxb2 31. Rab1 Rfc8 32. Qh4 Bc3 33. f6 Kh8 34. Kh2 Ra8 35. Nxc3 b3 36. Qh6 Rg8 37. h4 Qb7 38. Rf2 Qb6 39. Rfb2 Ra3 40. Nce4 1-0

[Event "Pernambuco-ch 2013"]
[Site "Garanhuns"]
[Date "2014.02.01"]
[Round "3"]
[White "Hiramine, Rodrigo Yoshio Ferr"]
[Black "Vasconcelos, Jose Armando Sales"]
[Result "1/2-1/2"]
[WhiteElo "1955"]
[BlackElo "2094"]
[PlyCount "96"]
[EventDate "2014.01.31"]
[EventType "swiss"]
[EventRounds "6"]
[EventCountry "BRA"]
[SourceTitle "EXT 2018"]
[Source "ChessBase"]
[SourceDate "2017.10.13"]
[SourceVersion "1"]
[SourceVersionDate "2017.10.13"]
[SourceQuality "1"]

1. e4 e6 2. d4 d5 3. e5 c5 4. c3 Qb6 5. Nf3 Nc6 6. Bd3 Nh6 7. b3 cxd4 8. cxd4 Bb4+ 9. Kf1 Nf5 10. Bb2 Be7 11. Nc3 g6 12. Rc1 Bd7 13. Bb1 0-0 14. g4 Nh4 15. Na4 Qd8 16. Nc5 Bc8 17. Nxh4 Bxh4 18. Kg2 f6 19. Rf1 fxe5 20. dxe5 Bg5 21. Rc3 Bf4 22. Rf3 Bxe5 23. Rxf8+ Qxf8 24. Bxe5 Nxe5 25. f4 Qxc5 26. fxe5 Bd7 27. Qf3 Rf8 28. Qxf8+ Qxf8 29. Rxf8+ Kxf8 30. g5 Bb5 31. b4 Be2 32. Kf2 Bg4 33. Bd3 Bf5 34. Bf1 Bb1 35. a3 Ke7 36. Ke3 a6 37. Kd4 Kd7 38. Kc5 Kc7 39. Be2 Bc2 40. Bg4 Bf5 41. Be2 Bc2 42. Bg4 b6+ 43. Kd4 Bf5 44. Be2 Kb7 45. Bd1 Kc6 46. Ba4+ b5 47. Bd1 Kb6 48. h4 Kc6 1/2-1/2

[Event "Pernambucano-ch"]
[Site "Recife"]
[Date "2012.12.26"]
[Round "3"]
[White "Vasconcelos, Jose Armando Sales"]
[Black "Bouwman, Marcelo Wanderley"]
[Result "0-1"]
[WhiteElo "2143"]
[BlackElo "2201"]
[PlyCount "88"]
[EventDate "2012.12.21"]
[EventType "tourn"]
[EventRounds "9"]
[EventCountry "BRA"]
[SourceTitle "EXT 2022"]
[Source "ChessBase"]
[SourceDate "2021.10.06"]
[SourceVersion "1"]
[SourceVersionDate "2021.10.06"]
[SourceQuality "1"]

1. e4 e6 2. d4 d5 3. Nc3 Bb4 4. exd5 exd5 5. Bd3 Ne7 6. Nge2 Nbc6 7. 0-0 0-0 8. a3 Bxc3 9. bxc3 Bf5 10. Ng3 Bg6 11. f4 f5 12. a4 Qd7 13. Ba3 Rfe8 14. Re1 Kh8 15. Bxe7 Nxe7 16. a5 a6 17. Re5 Rf8 18. Qb1 Nc6 19. Re1 Qd6 20. Nf1 Qxf4 21. Qxb7 Qd6 22. Qb2 f4 23. Kh1 f3 24. gxf3 Rxf3 25. Qc1 Raf8 26. Qd2 Bxd3 27. cxd3 Qg6 28. Ne3 Qh5 29. Qg2 Ne7 30. Ng4 Ng6 31. Ne5 Nxe5 32. Rxe5 Qf7 33. Rg1 c6 34. Rg5 Rf1 35. Rxf1 Qxf1+ 36. Qxf1 Rxf1+ 37. Kg2 Rc1 38. Re5 Kg8 39. c4 dxc4 40. Rc5 Rc2+ 41. Kf3 cxd3 42. Ke3 Rxc5 43. dxc5 Kf7 44. Kxd3 Ke6 0-1

[Event "Serra Talhada op"]
[Site "Serra Talhada"]
[Date "2012.11.16"]
[Round "3"]
[White "Vasconcelos, Jose Armando Sales"]
[Black "Zallio, Luciano de Souza"]
[Result "1/2-1/2"]
[WhiteElo "2143"]
[BlackElo "2123"]
[PlyCount "60"]
[EventDate "2012.11.15"]
[EventType "swiss"]
[EventRounds "7"]
[EventCountry "BRA"]
[SourceTitle "CBM 151 Extra"]
[Source "ChessBase"]
[SourceDate "2012.12.18"]
[SourceVersion "1"]
[SourceVersionDate "2012.12.18"]
[SourceQuality "1"]

1. e4 e6 2. d4 d5 3. Nc3 Bb4 4. e5 c5 5. a3 Bxc3+ 6. bxc3 Ne7 7. Qg4 Ng6 8. h4 h5 9. Qd1 Qc7 10. Nf3 Nc6 11. Bb5 Bd7 12. Bxc6 Bxc6 13. a4 Qa5 14. Bd2 c4 15. Qb1 0-0-0 16. Qb4 Qc7 17. a5 Kb8 18. Ng5 Ka8 19. f4 Rdf8 20. g3 Ne7 21. 0-0 Nf5 22. Kh2 Rfg8 23. Rae1 Qd7 24. Bc1 Re8 25. Ba3 Rh6 26. Qb1 Rg6 27. Rf3 Rh6 28. Rff1 Reh8 29. Qd1 Rc8 30. Bb4 g6 1/2-1/2

[Event "Recife Arraes Memorial 5th"]
[Site "Recife"]
[Date "2012.09.08"]
[Round "4"]
[White "Lucena, Helianto dos Santos"]
[Black "Vasconcelos, Jose Armando Sales"]
[Result "0-1"]
[WhiteElo "1919"]
[BlackElo "2165"]
[PlyCount "94"]
[EventDate "2012.09.06"]
[EventType "swiss"]
[EventRounds "7"]
[EventCountry "BRA"]
[SourceTitle "EXT 2013"]
[Source "ChessBase"]
[SourceDate "2012.11.22"]
[SourceVersion "1"]
[SourceVersionDate "2012.11.22"]
[SourceQuality "1"]

1. d4 d5 2. e3 Nc6 3. f4 Nf6 4. Nd2 Bg4 5. Ngf3 e6 6. Be2 Bf5 7. c3 Bd6 8. Ne5 Ne4 9. Nxe4 Bxe4 10. 0-0 0-0 11. Bf3 Bxf3 12. Qxf3 f5 13. Bd2 Nb8 14. Be1 Nd7 15. Qh5 Nf6 16. Qf3 Ne4 17. Rc1 c5 18. Qh5 Bxe5 19. fxe5 c4 20. Rf3 g6 21. Qh6 Qg5 22. Rh3 Qxh6 23. Rxh6 Rac8 24. Rh3 b5 25. a3 a5 26. Rf3 Ng5 27. Rg3 Nf7 28. h4 Kg7 29. Rf3 Nd8 30. Bg3 Nc6 31. Bf4 b4 32. Bg5 bxa3 33. bxa3 h5 34. Rb1 Rb8 35. Rff1 a4 36. g4 hxg4 37. Kg2 Rb3 38. Rxb3 cxb3 39. Bf6+ Rxf6 40. exf6+ Kxf6 41. Kg3 Na5 42. Kf4 Nc4 43. e4 Nd2 44. e5+ Kf7 45. Rh1 b2 46. h5 gxh5 47. Rxh5 b1Q 0-1

[Event "Joao Pessoa op 3rd"]
[Site "Joao Pessoa"]
[Date "2012.03.11"]
[Round "5"]
[White "Dantas, Francisco"]
[Black "Vasconcelos, Jose Armando Sales"]
[Result "0-1"]
[WhiteElo "2032"]
[BlackElo "2183"]
[PlyCount "110"]
[EventDate "2012.03.09"]
[EventType "swiss"]
[EventRounds "6"]
[EventCountry "BRA"]
[SourceTitle "CBM 147 Extra"]
[Source "ChessBase"]
[SourceDate "2012.04.24"]
[SourceVersion "1"]
[SourceVersionDate "2012.04.24"]
[SourceQuality "1"]

1. Nf3 d5 2. g3 Nf6 3. Bg2 Bf5 4. 0-0 Nbd7 5. d4 e6 6. Nbd2 h6 7. c4 c6 8. Re1 Be7 9. b3 Ne4 10. Nxe4 Bxe4 11. Nd2 Bxg2 12. Kxg2 f5 13. f4 Nf6 14. Nf3 0-0 15. c5 Qe8 16. e3 Qh5 17. Ne5 Qxd1 18. Rxd1 Bd8 19. Bd2 Bc7 20. Nf3 Ne4 21. Be1 g5 22. b4 g4 23. Ng1 Rfb8 24. Rdc1 a5 25. a3 Ra6 26. Rcb1 axb4 27. Bxb4 Ba5 28. Bxa5 Rxa5 29. a4 Nd2 30. Rb4 Nc4 31. Kf2 b5 32. cxb6 Rxb6 33. Rxb6 Nxb6 34. Rc1 Nc4 35. Ra1 Nb2 36. Rb1 Nxa4 37. Ne2 Rb5 38. Ra1 Rb4 39. Ra2 Kf7 40. Nc1 Rb2+ 41. Rxb2 Nxb2 42. Ke2 Ke7 43. Kd2 Nc4+ 44. Kd3 Kd6 45. Nb3 Nb2+ 46. Kc3 Nc4 47. Kd3 Nb6 48. Nc5 Nd7 49. Nb7+ Kc7 50. Nc5 Nxc5+ 51. dxc5 e5 52. fxe5 Kd7 53. Kc3 Ke6 54. Kb4 Kxe5 55. Ka5 d4 0-1

[Event "Joao Pessoa op 3rd"]
[Site "Joao Pessoa"]
[Date "2012.03.10"]
[Round "4"]
[White "Vasconcelos, Jose Armando Sales"]
[Black "Cunha, Rafael Fernandes"]
[Result "1-0"]
[WhiteElo "2183"]
[BlackElo "1827"]
[PlyCount "97"]
[EventDate "2012.03.09"]
[EventType "swiss"]
[EventRounds "6"]
[EventCountry "BRA"]
[SourceTitle "CBM 147 Extra"]
[Source "ChessBase"]
[SourceDate "2012.04.24"]
[SourceVersion "1"]
[SourceVersionDate "2012.04.24"]
[SourceQuality "1"]

1. d4 Nf6 2. Nf3 g6 3. Bg5 Bg7 4. Nbd2 0-0 5. e4 d6 6. c3 Nbd7 7. Bc4 e5 8. dxe5 dxe5 9. 0-0 c5 10. Qe2 Qc7 11. Rfd1 Nb6 12. Bb3 Kh8 13. a4 Ne8 14. a5 Nd7 15. Be7 f5 16. Bxf8 Nxf8 17. Ng5 Nd6 18. Nf1 c4 19. Rxd6 cxb3 20. Rd8 Qe7 21. Qc4 Qxg5 22. Rxc8 Rxc8 23. Qxc8 f4 24. f3 Qe7 25. Qc4 Ne6 26. Nd2 h5 27. Nxb3 h4 28. h3 Ng5 29. Rd1 b6 30. axb6 axb6 31. Qc8+ Kh7 32. Qd7 Qf8 33. Qd8 Qf7 34. Qxb6 Qc4 35. Rd2 Ne6 36. Qb4 Qc7 37. Qd6 Qa7+ 38. Kf1 Ng5 39. c4 Qe3 40. Qd3 Qb6 41. c5 Qe6 42. Ke2 Nxh3 43. gxh3 Qxh3 44. Kd1 Qh1+ 45. Kc2 h3 46. Qe2 Bf8 47. Rd1 Qg2 48. Qxg2 hxg2 49. Rg1 1-0

[Event "Joao Pessoa op 3rd"]
[Site "Joao Pessoa"]
[Date "2012.03.09"]
[Round "2"]
[White "Da Silva, Antonio Gomes Jr"]
[Black "Vasconcelos, Jose Armando Sales"]
[Result "1/2-1/2"]
[WhiteElo "1862"]
[BlackElo "2183"]
[PlyCount "39"]
[EventDate "2012.03.09"]
[EventType "swiss"]
[EventRounds "6"]
[EventCountry "BRA"]
[SourceTitle "CBM 147 Extra"]
[Source "ChessBase"]
[SourceDate "2012.04.24"]
[SourceVersion "1"]
[SourceVersionDate "2012.04.24"]
[SourceQuality "1"]

1. e4 d5 2. exd5 Qxd5 3. Nc3 Qa5 4. Nf3 Nf6 5. Qe2 c6 6. b3 Bf5 7. Nd4 Bg6 8. Bb2 e6 9. a3 Nbd7 10. g3 Be7 11. d3 Nd5 12. b4 Nxc3 13. Bxc3 Qd5 14. Qf3 Nb6 15. Bg2 Bf6 16. Qxd5 Nxd5 17. Bxd5 cxd5 18. Nb5 Bxc3+ 19. Nxc3 Ke7 20. Kd2 1/2-1/2